US States by Northernmost Point on Land - Statistics

General Stats
  • This quiz has been taken 52 times
  • The average score is 43 of 50
Answers on the Map
Answers color-coded by a green-red scale on the quiz's map according to % correct below.
 
Answer Stats
Latitude State % Correct
71°23'N Alaska
100%
49°00'N Montana
97%
49°00'N North Dakota
97%
49°00'N Washington
97%
49°00'N Idaho
95%
48°15'N Michigan
95%
49°23'N Minnesota
95%
47°27'N Maine
92%
43°30'N Iowa
90%
43°00'N Nebraska
90%
45°18'N New Hampshire
90%
45°00'N New York
90%
45°56'N South Dakota
90%
45°01'N Vermont
90%
47°04'N Wisconsin
90%
45°00'N Wyoming
90%
31°00'N Florida
87%
35°00'N Georgia
87%
28°27'N Hawaii
87%
42°53'N Massachusetts
87%
46°17'N Oregon
87%
35°00'N Alabama
85%
42°00'N California
85%
42°03'N Connecticut
85%
42°30'N Illinois
85%
41°45'N Indiana
85%
34°59'N Mississippi
85%
42°00'N Nevada
85%
41°21'N New Jersey
85%
41°58'N Ohio
85%
42°16'N Pennsylvania
85%
42°01'N Rhode Island
85%
33°01'N Louisiana
82%
35°12'N South Carolina
82%
36°30'N Texas
82%
42°00'N Utah
82%
36°29'N Arkansas
79%
41°00'N Colorado
79%
39°50'N Delaware
79%
36°35'N North Carolina
79%
37°00'N Arizona
77%
40°00'N Kansas
77%
39°08'N Kentucky
77%
39°43'N Maryland
77%
40°36'N Missouri
77%
37°00'N New Mexico
77%
37°00'N Oklahoma
77%
36°40'N Tennessee
77%
39°27'N Virginia
77%
40°38'N West Virginia
77%
No matching quizzes found
Score Distribution
Percent of People with Each Score
Percentile by Number Answered
Your Score History
You have not taken this quiz